| 000 | 00982nas a2200277 4500 | ||
|---|---|---|---|
| 001 | BR2012008860 | ||
| 003 | BR-BrBNA | ||
| 005 | 20231205121516.0 | ||
| 007 | ta | ||
| 008 | 230509b bl.|||p| |||| 00| 00por d | ||
| 040 |
_aBR-BrBNA _bpor _cBiblioteca Nacional de Agricultura |
||
| 041 | _a(En) | ||
| 072 | _aL40 | ||
| 100 | 1 | _aMello, M.F.V. de | |
| 100 | 1 | _aPissinatti, A. | |
| 100 | 1 | _aFerreira, A.M.R. | |
| 245 | 1 | _aDistribution of collagen types l, lll, and lV in gastric tissue of marmosets (Callithrix spp., Callitrichidae: Primates) | |
| 246 | 1 | _aDistribution of collagen types l, lll, and lV in gastric tissue of marmosets (Callithrix spp., Callitrichidae: Primates) | |
| 650 | _aMACACO | ||
| 650 | _aESTÔMAGO | ||
| 650 | _aCOLÁGENO | ||
| 650 | _aCOMPOSTO ORGÂNICO | ||
| 773 | 0 |
_tPesquisa Veterinária Brasileira (Brazil) _xISSN 0100-736X _g(Apr 2010), v. 30(4) p. 317-320 _wBR2012008860 |
|
| 909 |
_a202311 _bLúcia _c55 _dLúcia Elande |
||
| 942 |
_2AGRIS _n0 _cANA |
||
| 999 |
_c223893 _d223893 |
||